Quizzes
Events
Quiz Creation
Community
Videos
Private Events
Remove Ads
Sign In
Join for FREE
Feedback
Dark Mode
Quiz Categories
Sports
Geography
Music
Movies
Television
Just For Fun
Miscellaneous
History
Literature
Language
Science
Gaming
Entertainment
Religion
Holiday
For Kids
Quiz Lab
Recent
Popular Today
Quiz Kudos Today
Editor Picks
Curator Picks
Quizzes by...
Day
Popularity
Type
Ratings
Length
Year
Community
Subscriptions
Recent Discussions
Orange Saloon
Badges
Playlists
Quests
Create
Leaderboards
Showdown
Live 5
Trivia Bingo
Activity
Puzzle Library
Sporcle Events
Private Events
Virtual Trivia
Globe League
Become a Host
Pub Owners
SporcleCon
Opinionation
Our Games
Videos
Blog
Mobile Apps
Partnerships
Remove Ads and Go Orange
Feedback
Sports
Athletes
MLB
NBA
NHL
NFL
Soccer
Sports Teams
WWE
NCAA
Football
Premier League
Basketball
Baseball
Hockey
Golf
Tennis
Cricket
Rugby
Auto Racing
Olympics
World Cup
Sports
Athletes
MLB
NBA
NHL
NFL
Soccer
Sports Teams
WWE
NCAA
Football
Premier League
Basketball
Baseball
Hockey
Golf
Tennis
Cricket
Rugby
Auto Racing
Olympics
World Cup
Random Quiz
Search Sporcle
×
Quiz Lab
Quiz Lab
Sports
Cricket
Type in answers that appear in a list
Type in answers that appear in a list
Classic
Best Score? Go Orange.
Top T20i Runscorers Stats
Can you name the Top T20i Runscorers?
By
sarimzafar25
6m
26 Questions
413 Plays
413 Plays
413 Plays
Comments
Comments
Give Quiz Kudos
Give Quiz Kudos
-
- Ratings
hide this ad
Replay
Link that replays current quiz
Next Quiz
Link to next quiz in quiz playlist
You Got
0%
They Got
Avg Score
60%
Avg Friend Score
Upgrade to see
Score Distribution
Jump to the score distribution portion of the page
Score
0/26
Timer
06:00
0
Plays Today
Country
Player
% Correct
IND
Virat Kohli
91.3%
NZ
Brendon McCullum
90.6%
AUS
David Warner
83.3%
WI
Chris Gayle
80.4%
IND
MS Dhoni
75.7%
NZ
Martin Guptill
75.5%
SL
Tillakaratne Dilshan
75.3%
SL
Kumar Sangakkara
75.1%
IND
Rohit Sharma
75.1%
ENG
Eoin Morgan
68.8%
SL
Mahela Jayawardene
68.5%
NZ
Ross Taylor
68.2%
PAK
Shahid Afridi
62%
Country
Player
% Correct
IND
Suresh Raina
58.6%
BAN
Tamim Iqbal
57.5%
IND
Yuvraj Singh
56.1%
ENG
Alex Hales
51.1%
SA
AB de Villiers
49.9%
PAK
Shoaib Malik
49.5%
AFG
Mohammad Shahzad
47.6%
PAK
Mohammad Hafeez
46.7%
AUS
Shane Watson
44.8%
SA
JP Duminy
40.4%
PAK
Umar Akmal
40.2%
WI
Marlon Samuels
35%
ZIM
Hamilton Masakadza
30.3%
Quiz Playlist
Details
Report
Send in Message
Add To Playlist
Classic:
Type in answers that appear in a list
Quiz Source
Last Updated: Mar 31, 2017
Quiz Scoreboard
CHALLENGE
Sign Up to Join the Scoreboard
Show All
Scores
Hide
Comments
May contain spoilers
Recently Published
Movies - When Are They Set?
by FPL_Elf
Movies
5m
Popular People in 1961
by mucciniale
History
6m
1-10 Letter E Words III
by El_Dandy
Language
2m
More to Explore
Quiz From the Vault
Featured Blog Post
Where Did the Easter Bunny Come From?
hide this ad
You Might Also Like...
Tags
Cricket Quiz
Afghan Cricket
Australia Cricket
England Cricket
IPL Cricket
Pro Sports
record
t20
T20 Champions
T20 Players
Top Player
World Sports
Today's Top Quizzes in Sports
Browse Sports
hide this ad
Today's Top Quizzes in Cricket
Browse Cricket
Top Contributed Quizzes in Sports
1
Les meilleurs buteurs des matchs entre le PSG et l’OM
2
FIFA Club World Cup Champions
3
Les entraîneurs de l'OM et du PSG au 21e siècle
4
2022 World Cup Stars
5
Name the Premier League winners with different clubs
6
La finale Lions - Afrique du Sud 2021
7
Criteria MLB: Left Handed Sluggers
8
Les joueurs passés par le LOSC et le RC Lens
9
Players with Multiple 50 Home Run Seasons
10
MLB Players with Two .350 Batting Average Seasons
Explore More
Trending Topics
NBA
Kpop
Anime
Disney
Marvel
Crossword
Harry Potter
Country
WWE
Soccer
Pokémon
Puzzle
The Office
Song
NFL
hide this ad
More By:
sarimzafar25
Quiz
Plays
Rating
Category
Featured
Created
Top-Scoring Premier League Midfielders
1,370
3.50
Sports
Mar 18, 2017
Top-Scoring Premier League Defenders
858
5.00
Sports
Mar 16, 2017
All-Time Premier League Table
658
3.00
Sports
Mar 7, 2017
Premier League Managers
542
5.00
Sports
Mar 9, 2017
Championship Season's Top Scorers
457
5.00
Sports
Mar 17, 2017
Go to Creator's Profile
Score Distribution
Quiz Creator Spotlight
sarimzafar25
Follow
Send a Message
Quizzes Created
-
Created Quiz Play Count
-
More By This Creator
Popular Quizzes Today
1
Find the Countries of Europe - No Outlines Minefield
2
Find the US States - No Outlines Minefield
3
The Countries of the World
4
Popular People in 1961
5
1-10 Letter E Words III
6
US States
7
Find the US States
8
One Thing in Common: World Cities II
More Sports Quizzes
Stat Comparison: LeBron's Best Teammates
Quiz Lab
Trending Quizzes
Risky Map Clicking: Least Populous States A-Z
1-10 Letter F Words
Humor Books: The Subtitles
1-10 Letter G Words
One Thing in Common: United Kingdom
Recently Updated
Leaping Animals
pecheneg
Reality TV Shows (A-Z)
bhenderson79
Rickey Henderson's Hall of Fame Teammates
pecheneg
Champions League XIs: Arsenal
pecheneg
Quick Pick: Celebrities in WWE's Hall of Fame
aduchscher
A-Z Keypad Blitz II
pecheneg
Multiple Oscar Actors
pecheneg
Mystery Phrase Blitz: Oscar 'Best Actors'
pecheneg
F. Scott Fitzgerald Novels
LTH
Pick 3 Villains
ddd62291
Trending Topics
Anime
NBA
Crossword
Harry Potter
Disney
Kpop
Marvel
WWE
Puzzle
NFL
Pokémon
Country
Song
Soccer
The Office
Your Account Isn't Verified!
In order to create a playlist on Sporcle, you need to verify the email address you used during registration. Go to your
Sporcle Settings
to finish the process.
Report this User
Report this user for behavior that violates our
Community Guidelines
.
Details:
Send Report
Go to the Sporcle.com Mobile Site →
Comments